00584nam a22002057a 450000500170000001000130001702000230003003500130005303700160006604000120008208200150009410000170010924500570012626000460018327000480022930000270027750000200030465000260032465000280035020170124105953.0 aA-817172 c295.00a8120310497 aA-817172 bCen Lib/Ret aDPLbEN a338.7bTIR aTirole, Jean aTheory of industrial organization /cby Jean Tirole  aNew Delhi bPrentice Hall of India c1996 aM-97, connaught circus bNew Delhi e110015 axii, 479p. :c24cm(Hb) aIncludes index  aEconomic development  aIndustrial organization